| 000 | 00184nam a22000737a 4500 | ||
|---|---|---|---|
| 999 |
_c23326 _d23326 |
||
| 003 | Nust | ||
| 005 | 20170512170110.0 | ||
| 008 | 130409b xxu||||| |||| 00| 0 eng d | ||
| 020 |
_cAvalable _a8129702118 |
||
| 040 |
_aDLC _bDLC _cRCMS |
||
| 082 |
_a621.38 HEL _27th, ed. |
||
| 100 |
_aGilbert Held _9664 |
||
| 245 | _aUnderstanding Data Communication | ||
| 250 | _a7th, ed. | ||
| 300 |
_axv, 765 p, : _bill, ; _c26 cm. |
||
| 538 | _iShelf # 15, Row # 1, Communication. | ||
| 650 |
_aCommunication _9665 |
||
| 856 | _3Table of Contents Only. | ||
| 942 |
_2ddc _cBK _k621.38 HEL |
||